<?xml version="1.0" encoding="UTF-8"?>
<marc:record xmlns:marc="http://www.loc.gov/MARC21/slim">
   <marc:leader>00000nam a2200000 a 4500</marc:leader>
   <marc:datafield ind1="1" ind2=" " tag="100">
      <marc:subfield code="a">Glaser, Ulrike</marc:subfield>
      <marc:subfield code="4">aut</marc:subfield>
      <marc:subfield code="e">Verfasser/-in</marc:subfield>
   </marc:datafield>
   <marc:datafield ind1=" " ind2=" " tag="653">
      <marc:subfield code="a">Heiliger Martin</marc:subfield>
   </marc:datafield>
   <marc:datafield ind1="0" ind2="0" tag="245">
      <marc:subfield code="a">Aus dem Leben des heiligen Martin</marc:subfield>
   </marc:datafield>
   <marc:datafield ind1=" " ind2="1" tag="264">
      <marc:subfield code="b">Mellinger</marc:subfield>
      <marc:subfield code="c">1990</marc:subfield>
   </marc:datafield>
   <marc:datafield ind1="1" ind2=" " tag="520">
      <marc:subfield code="a">Aus dem Leben des heiligen Martin wird in diesem Bilderbuch in einfacher Sprache erzählt. Dabei legt Glaser neben der Betonung von Martins Nächstenliebe und Ablehnung von Gewalt und Macht vor allem Wert auf die Legenden um die Teilung des Mantels und die Gefahren, die der Heilige bei der Reise zu den Eltern besteht. Der anthroposophischen Kunstauffassung entsprechende Illustrationen in harmonisch-hellen, zerfliessenden Aquarell- und Kreidefarben sind.</marc:subfield>
   </marc:datafield>
   <marc:datafield ind1=" " ind2=" " tag="020">
      <marc:subfield code="a">9783880692626</marc:subfield>
      <marc:subfield code="9">9783880692626</marc:subfield>
   </marc:datafield>
</marc:record>
